00358 2200145 4500245006500000250001100065100002900076650001700105650001600122005001900138260001800157041001400175084001400189336000900203 aTitik dan Garis KehidupannyacSyafa Rizky Diya KuswarahText aCet. 1 aSyafa Rizky Diya Kuswara aAutobiografi aKarya Siswa a20250521133154 aJakartac2025 aIndonesia a081 SYA t atext